000 00419nam a2200145Ia 4500
008 220217s9999||||xx |||||||||||||| ||und||
020 _a81-7808-571-2
082 _a519 STA
100 _aStark, Henry Woods, John, W
_92887
245 0 _aProbability random processes with applications to signal pro
250 _a3rd
260 _aPearson education asia
_bDelhi
_c2002
300 _b150
650 _aMATHEMATICS
999 _c170208
_d170208